00618cam a22002291 4500001001300000003000400013005001700017008004100034010001700075035002000092040001800112042001200130050001500142100005200157245005900209260001200268300002500280500001600305504003500321650001500356999001700371sa 63003594 DLC20260227111943.0890801s1962 ii b 000 0 maro  asa 63003594  a(OCoLC)20109440 aDLCcWaUdDLC apremarc00aGN315b.S21 aŚāraṅgapāṇī, Madhusūdana Mukunda.10aSāmājika mānavaśāstra.bSocial anthropology. c[1962?] a4, 320, 6 p.c22 cm. aIn Marathi. aBibliography: p. [5]-6 at end. 0aEthnology. c55187d55187